000 00587nam a2200241 a 4500
001 nice12345678
003 IN_TiNIC
005 20260116012309.0
008 050524s1986 dela grp 000 0 eng
020 _a8170433
_c75
082 0 0 _a891.49
_bCHA
100 _aChandra, Sansar
245 _aSome Prominent Muslim Hindi Poets
260 _aDelhi
_bAtma Ram and Sons
_c1986
300 _a135p
500 _aincludes index and biblioraphy
505 2 _aIndex
650 _aHindi-Poetry
700 1 _aChandra, Sansar
902 _bSRS
942 _cBK
999 _c6439
_d6439